| 000 | 00660cad a22001935a 4500 | ||
|---|---|---|---|
| 001 | L156449 | ||
| 008 | 120523s2012 xxk f 000 0 eng d | ||
| 035 | _a(Sirsi) u156449 | ||
| 041 | 0 | _aeng | |
| 110 | 2 |
_aChartered Institution of Building Services Engineers _92360 |
|
| 245 | 0 | 0 |
_aPresentations from the CIBSE BIM conference _h[electronic resource] |
| 260 |
_a[S.l.] _bCIBSE _c2012 |
||
| 520 | _aPresentations from the CIBSE BIM conference, 15 May 2012. | ||
| 590 | _aKA NTK | ||
| 651 | 4 | _aUnited Kingdom | |
| 690 |
_aBIM _96219 |
||
| 856 | 4 | 0 |
_uhttps://www.cibse.org/index.cfm?go=page.view&item=2376 _zView the presentations at www.cibse.org |
| 942 | _n0 | ||
| 999 |
_c114258 _d114258 |
||